1254 1178 1065 1659 1126 1294 1831 1974 1285 1524 1280 1114 1871 1680 1182 1260 1228 1167 1601 1625 1377 1757 1848 1299 1922 1319 1012 1969 1924 1864 1275 1542 1563 1798 1536 1892 1341 1121 1380 1322 1243 1503 1073 1139 1120 1103 1127 1900 1354 1854 1119 1804 1394 1650 1345 1074 1612 1845 1049 1683 1987 1565 1431 1803 1161 1676 1401 1741 1405 1568 1362 1339 1220 1660 1166 1438 1128 1265 1467 1345 1724 1909 1501 1919 1039 1656 1129 1376 1178 1619 1378 1497 1060 1066 1831 1156 1431 1679 1714 BCNSPRNW ULIB Ver.6.0+V

เปลี่ยนเป็นภาษาไทย

Change to English
 แสดงรายละเอียดบรรณานุกรม
  กลับหน้าหลัก

Brief Record : Get Marc (ISO 2709) : E-mail record : QR code < ปิดหน้าต่าง
LEADER : 00000nam 2200000uu 4500
001    13399128212
003     ULIB
008    220815s2020||||th 000 0 tha d
020 ^  ^a9780702070488
060 0  ^aWY100^bE93
245 0  ^aEvidence-based practice in nursing /^cedited by Jean V. Craig, Dawn W. Dowding.
250 ^  ^a4th ed.
260 ^  ^aEdinburgh :^bElsevier,^c2020.
300 ^  ^axi, 195 p. :^bill. ;^c23 cm.
504 ^  ^aIncludes bibliographical references and index.
650 ^  ^aEvidence-based nursing.
650 ^  ^aEvidence-based medicine^xMethods.
695 ^  ^aHealth Sciences.
700 1  ^aCraig, Jean V.,^eed.
700 1  ^aDowding, Dawn W.,^eed.
910 ^   ^aคณะพยาบาลศาสตร์^bสำนักงานการศึกษา^cผศ.ดร.ชนัญชิดาดุษฎี ทูลศิริ
945    ^p0^l0^i009316
999    ^aประนอม เกษจรัล
รายการนี้ยังไม่มีแท็ก
คุณยังไม่ได้ล็อกอิน คุณสามารถมีกิจกรรมร่วมกับเว็บไซต์ได้ แต่ต้องล็อกอินก่อน ::
  ล็อกอิน

รายการสื่อสารสนเทศ

ลำดับที่ ประเภท เลขเรียก/บาร์โค้ด สถานที่ สถานะ
1. Book การพยาบาล
หนังสือสำรอง
สถานะ=หนังสือสำรอง
WY100 E93 ฉ.1 
  Barcode: 009316
ห้องสมุดวิทยาเขตสวรรค์ประชารักษ์
►หนังสือทั่วไป
บนชั้น

รายการใกล้เคียง
    หัวเรื่อง [Evidence-based nursing.]

BibComment


ยังไม่เคยถูกคอมเมนท์

คอมเมนท์ทรัพยากรรายการนี้
  คอมเมนท์: Evidencebased pr..


 Copyright 2026. Bcnsprnw @Library